01170nam a22002657a 45000010005000000030006000050050017000110080041000280200018000690400029000870500014001160820010001301000020001402450086001602500027002462600036002733000045003095050007003545200420003615210018007815210018007996500024008176500028008417000035008695803FISKH20250826091631.0250123b cb ||||| |||| 00| 0 eng d a9780545347518 aFISKHbengcFISKHdFISKH aPZ7.M5815 a813.6 aMichalak, Jamie aJoe and Sparky get new wheels /cJamie Michalak ; illustrated by Frank Remkiewicz aFirst printing in 2011 aSomeville :bScholastic,c2009. a42 pages :bcolor illustrations ;c23 cm aJ  aSparky is a turtle who likes to stay inside his shell. Joe is a giraffe who likes to stretch his neck and see the world. When a car appears one day at the famous cageless zoo where they live, the two set off on the ride of their lives, with Joe behind the wheel and Sparky hanging on for dear life. From the shopping mall to the car wash to the take-out burger joint, Joe and Sparky cause mayhem everywhere they go.8 a480 bLexile 8 aJ bRaz-Plus  2AdventureaGiraffes 2FriendshipaEasy reader aRemkiewicz, Frankdillustrator